Catalog

Record Details

Catalog Search



Available copies

  • 2 of 3 copies available at LARL/NWRL Consortium. (Show)
  • 1 of 1 copy available at Northwest Regional Library.

Current holds

0 current holds with 3 total copies.

Show Only Available Copies
Location Call Number / Copy Notes Barcode Shelving Location Status Due Date
Greenbush Public Library ya FAH (Text) 35500006563389 Main Available -

Record details

  • ISBN: 9780593324301
  • ISBN: 0593324307
  • ISBN: 9780593324318
  • ISBN: 0593324315
  • Physical Description: 184 pages : chiefly illustrations (colour) ; 21 cm
  • Publisher: New York : Dial Books for Young Readers, 2021.

Content descriptions

Summary, etc.:
Huda and her family just moved to Dearborn, ... Read More
Target Audience Note:
Ages 12 and up Dial Books.
Grades 10-12 Dial Books.
Subject: Muslims > Comic books, strips, etc.
Identity (Philosophical concept) > Comic books, strips, etc.
High schools > Comic books, strips, etc.
Muslims > Fiction.
Identity > Fiction.
High schools > Fiction.
Schools > Fiction.
Graphic novels.
High schools.
Identity (Philosophical concept)
Muslims.
Genre: Graphic novels.
Comics (Graphic works)
Graphic novels.
Graphic novels.
Comics (Graphic works)
Autobiographical fiction.
LDR 03102cam a22006498i 4500
001374087
003LARL_NWRL_CONSORTIUM
00520250428203053.0
008210524s2021 nyua d 6 000 1 eng
010 . ‡a 2021015243
040 . ‡aDLC ‡beng ‡erda ‡cDLC ‡dMOF ‡dUKMGB ‡dBRG ‡dOJ4 ‡dJTH ‡dLNC ‡dSDG ‡dIJ5 ‡dOCLCF
015 . ‡aGBC1G9699 ‡2bnb
0167 . ‡a020356332 ‡2Uk
019 . ‡a1237101729 ‡a1270976214 ‡a1285383064 ‡a1288703534
020 . ‡a9780593324301 ‡q(hardcover)
020 . ‡a0593324307 ‡q(hardcover)
020 . ‡a9780593324318 ‡q(paperback)
020 . ‡a0593324315 ‡q(paperback)
035 . ‡a(OCoLC)1237101064 ‡z(OCoLC)1237101729 ‡z(OCoLC)1270976214 ‡z(OCoLC)1285383064 ‡z(OCoLC)1288703534
042 . ‡apcc ‡alcac
08200. ‡a[Fic] ‡223
1001 . ‡aFahmy, Huda, ‡eauthor.
24510. ‡aHuda F are you? / ‡cHuda Fahmy.
264 1. ‡aNew York : ‡bDial Books for Young Readers, ‡c2021.
300 . ‡a184 pages : ‡bchiefly illustrations (colour) ; ‡c21 cm
336 . ‡atext ‡btxt ‡2rdacontent
337 . ‡aunmediated ‡bn ‡2rdamedia
338 . ‡avolume ‡bnc ‡2rdacarrier
521 . ‡aAges 12 and up ‡bDial Books.
521 . ‡aGrades 10-12 ‡bDial Books.
4900 . ‡aHuda ; ‡v1
520 . ‡aHuda and her family just moved to Dearborn, Michigan, a small town with a big Muslim population. In her old town, Huda knew exactly who she was: She was the hijabi girl. But in Dearborn, everyone is the hijabi girl. Huda is lost in a sea of hijabis, and she can't rely on her hijab to define her anymore. She has to define herself. So she tries on a bunch of cliques, but she isn't a hijabi fashionista or a hijabi athlete or a hijabi gamer. She's not the one who knows everything about her religion or the one all the guys like. She's miscellaneous, which makes her feel like no one at all. Until she realizes that it'll take finding out who she isn't to figure out who she is.
650 0. ‡aMuslims ‡vComic books, strips, etc.
650 0. ‡aIdentity (Philosophical concept) ‡vComic books, strips, etc.
650 0. ‡aHigh schools ‡vComic books, strips, etc.
650 1. ‡aMuslims ‡vFiction. ‡0(LARL_NWRL_CONSORTIUM)173579
650 1. ‡aIdentity ‡vFiction.
650 1. ‡aHigh schools ‡vFiction. ‡0(LARL_NWRL_CONSORTIUM)169592
650 1. ‡aSchools ‡vFiction. ‡0(LARL_NWRL_CONSORTIUM)167222
650 1. ‡aGraphic novels. ‡0(LARL_NWRL_CONSORTIUM)40036
650 7. ‡aHigh schools. ‡2fast ‡0(LARL_NWRL_CONSORTIUM)22140
650 7. ‡aIdentity (Philosophical concept) ‡2fast ‡0(LARL_NWRL_CONSORTIUM)22685
650 7. ‡aMuslims. ‡2fast ‡0(LARL_NWRL_CONSORTIUM)26403
655 0. ‡aGraphic novels.
655 7. ‡aComics (Graphic works) ‡2fast
655 7. ‡aGraphic novels. ‡2fast
655 7. ‡aGraphic novels. ‡2lcgft
655 7. ‡aComics (Graphic works) ‡2lcgft
655 7. ‡aAutobiographical fiction. ‡2lcgft
77608. ‡iOnline version: ‡aFahmy, Huda. ‡tHuda F are you ‡dNew York : Dial Books, 2021 ‡z9780593324325 ‡w(DLC) 2021015244
901 . ‡a374087 ‡bOCoLC ‡c374087 ‡tbiblio ‡soclc

Additional Resources